000 00688nam a22002417a 4500
003 UA-OsUOA
001 42918
007 ta
008 20061129b un ||||| |||| 00| 0 ukr d
100 _aТанк М.
090 _a821.161.3
_bТ18
942 _cBK
040 _aUA-OsUOA
_brus
_cUA-OsUOA
_dUA-OsUOA
245 _aМне пару крыл дало юнацтва
_bВибраная лірика
300 _a479 с.
955 _a2
041 _arus
080 _a821.161.3
020 _a985-02-0613-6
260 _aМінск
_bМастацкая літаратура
_c2003
650 7 _a82 Література. Літературознавство
_2UDC
999 _c329048
_d329048